| 000 | 00781nam a2200289Ia 4500 | ||
|---|---|---|---|
| 008 | 160803s9999 xx 000 0 und d | ||
| 020 | _a9780439842433 | ||
| 100 | _aDePaola, Tomie | ||
| 245 | _aGuess who's coming to Santa's for dinner? / | ||
| 245 | _cwritten and illustrated by Tomie dePaola. | ||
| 260 | _aNew York : | ||
| 260 | _bScholastic Inc. | ||
| 260 | _c2004 | ||
| 300 | _a1 volume (unpaged) : | ||
| 300 | _bcolor illustrations ; | ||
| 300 | _c28 cm | ||
| 650 | _aChristmas -- | ||
| 650 | _aFamilies -- | ||
| 650 | _aHospitality -- | ||
| 650 | _aHumorous stories. | ||
| 650 | _aSanta Claus -- | ||
| 650 | _xJuvenile fiction. | ||
| 650 | _xJuvenile fiction. | ||
| 650 | _xJuvenile fiction. | ||
| 650 | _xJuvenile fiction. | ||
| 700 | _a330 | ||
| 999 |
_c298201 _d298201 |
||